|
|
|
|
| LEADER |
02398nam a2200613 i 4500 |
| 001 |
nkc20243587584 |
| 003 |
CZ PrNK |
| 005 |
20240402085549.0 |
| 007 |
ta |
| 008 |
240205s2023 xr abehe c 000 0 cze |
| 015 |
|
|
|a cnb003587584
|
| 020 |
|
|
|a 978-80-85035-61-2
|q (brožováno)
|
| 035 |
|
|
|a (OCoLC)1433648342
|
| 040 |
|
|
|a OLA001
|b cze
|e rda
|
| 041 |
0 |
|
|a cze
|b eng
|
| 043 |
|
|
|a e-xr---
|b e-xr-pl
|2 czenas
|
| 045 |
|
|
|a w-x-
|
| 072 |
|
7 |
|a 72
|x Architektura
|2 Konspekt
|9 21
|
| 080 |
|
|
|a 72.031.4
|2 MRF
|
| 080 |
|
|
|a 7.035.2
|2 MRF
|
| 080 |
|
|
|a 728.6
|2 MRF
|
| 080 |
|
|
|a (437.317)
|2 MRF
|
| 080 |
|
|
|a (083.824)
|2 MRF
|
| 100 |
1 |
|
|a Aubrechtová, Alena
|7 jx20080723014
|4 aut
|4 pht
|
| 245 |
1 |
0 |
|a Lidový klasicismus na Plzeňsku /
|c text: Aubrechtová Alena, Foud Karel, Karel Tomáš, Plešmíd Stanislav
|
| 264 |
|
1 |
|a Plzeň :
|b Národní památkový ústav,
|c 2023
|
| 300 |
|
|
|a 160 stran :
|b ilustrace (převážně barevné), mapy, plány, faksimile ;
|c 21 x 30 cm
|
| 336 |
|
|
|a text
|b txt
|2 rdacontent
|
| 336 |
|
|
|a statický obraz
|b sti
|2 rdacontent
|
| 337 |
|
|
|a bez média
|b n
|2 rdamedia
|
| 338 |
|
|
|a svazek
|b nc
|2 rdacarrier
|
| 500 |
|
|
|a 500 výtisků
|
| 504 |
|
|
|a Obsahuje bibliografii a bibliografické odkazy
|
| 546 |
|
|
|a Anglické resumé
|
| 648 |
|
7 |
|a 19.-20. století
|7 ch757015
|2 czenas
|
| 650 |
0 |
7 |
|a lidová architektura
|7 ph122300
|z Česko
|y 19.-20. století
|2 czenas
|
| 650 |
0 |
7 |
|a klasicismus (umění)
|7 ph121595
|z Česko
|2 czenas
|
| 650 |
0 |
7 |
|a venkovské obytné domy
|7 ph116564
|z Česko
|y 19.-20. století
|2 czenas
|
| 650 |
0 |
9 |
|a vernacular architecture
|z Czechia
|y 19th-20th centuries
|2 eczenas
|
| 650 |
0 |
9 |
|a classicism (art)
|z Czechia
|2 eczenas
|
| 650 |
0 |
9 |
|a cottages
|z Czechia
|y 19th-20th centuries
|2 eczenas
|
| 651 |
|
7 |
|a Plzeň (Česko : oblast)
|7 ge130440
|2 czenas
|
| 651 |
|
9 |
|a Plzeň Region (Czechia)
|2 eczenas
|
| 655 |
|
7 |
|a katalogy výstav
|7 fd132536
|2 czenas
|
| 655 |
|
9 |
|a exhibition catalogs
|2 eczenas
|
| 700 |
1 |
|
|a Foud, Karel,
|d 1966-
|7 xx0004606
|4 aut
|4 pht
|
| 700 |
1 |
|
|a Karel, Tomáš,
|d 1965-
|7 xx0008908
|4 aut
|4 pht
|
| 700 |
1 |
|
|a Plešmíd, Stanislav
|7 mzk20181016225
|4 aut
|4 pht
|
| 910 |
2 |
|
|a BOA001
|b 4-1521.350
|
| 928 |
9 |
|
|a Národní památkový ústav, územní odborné pracoviště v Plzni
|
| 990 |
|
|
|a BK
|
| 995 |
|
|
|a 01
|
| 991 |
|
|
|b 202402
|c NOV
|
| 996 |
6 |
|
|b 2610961282
|c 4-1521.350
|l MZK
|r Sklad / do 1 hodiny
|n 0
|p p.v.
|w 001953831
|u 000010
|a 1
|e BOA001
|j MZK50
|s P
|